000 01651cam a22004454a 4500
001 muse84998
003 MdBmJHUP
005 20210127151659.0
006 m o d
007 cr||||||||nn|n
008 000101s1993 mx o 00 0 spa d
020 _a9786076286586
020 _z9681204557
020 _z9789681204556
035 _a(OCoLC)1151445459
040 _aMdBmJHUP
_cMdBmJHUP
100 1 _aLida, Clara E.
245 1 3 _aEl Colegio de México
_buna hazaña cultural 1940-1962 /
_cpor Clara E. Lida; Jose Antonio Matesanz. Con la participación de Antonio Alatorre, Francisco R. Calderón y Moises González Navarro
250 _a1.reimpr
264 1 _bEl Colegio de Mexico, Centro de Estudios Históricos
264 3 _bProject MUSE,
300 _a1 online resource.
_a1 online resource.
490 0 _aJornadas / El Colegio de Mexico
_v117
500 _aReimpr
500 _a1.ed. 1990 vh u.d. Signatur A 91/7108
506 0 _aOpen Access
_fUnrestricted online access
_2star
588 _aDescription based on print version record.
655 7 _aElectronic books.
_2local
700 1 _aMatesanz, Jose Antonio,
_eAuthor.
_4aut
700 1 _aGonzález Navarro, Moises
700 1 _aCalderón, Francisco R.
700 1 _aAlatorre, Antonio
_0(DE-588)128327839
710 2 _aProject Muse.
_edistributor
830 0 _aBook collections on Project MUSE.
856 4 0 _zFull text available:
_uhttps://muse.jhu.edu/book/74832/
999 _c26637
_d26637